000 00657nam a2200253Ia 4500
003 OSt
005 20221005073346.0
006 a|||||r|||| 00| 0
007 ta
008 221004b |||||||| |||| 00| 0 eng d
020 _a8185151490
024 _a21141
037 _cTextual
040 _aCRL
_cCRL
_beng
041 _2eng
_aeng
082 _aQ8441:35, N1
100 _aDharam Singh
_977297
245 0 _aSikh theology of liberation
260 _aNew Delhi
_bHarman Publishing House India
_c1991
300 _a184 p
_ccm.
650 _aRELIGION
942 _hQ8441:35, N1
_cTEXL
_2cc
999 _c980985
_d980985